000 00609nam a22001817a 4500
999 _c192567
_d192567
005 20220927115016.0
010 _aENG-135191
020 _a9788191940209
_c990.00
035 _aEN-118723
037 _bDBAD/PUB
082 _a524.183410954
100 _aMeghashyam,Kollegal.K.
245 _aReinforced concrete constructions for multistoreyed structures:
_cby Kollegal.K.Meghashyam
_bin earthquake prone areas/
260 _aDelhi
_bJ.M.Jaina & Brothers
_c2010
270 _a3622,Mori Gate,
_bDelhi
_e110006
300 _a362p.:
_c27cm(pbk)
_billus.
942 _2ddc
_cEN
_h524.183410954
_mMEG